00318nam a22001337a 4500003000400000020001900004082001900023100002100042245003200063250000900095260005000104300001000154650002000164SGT a978-8181915023 a617.0707bO19N aNayak, Sushruth  aTEXTBOOK OF ORAL PATHOLOGY  a1st  aDelhi India bParas Medical Publishers c2019 a1-262 aORAL PATHOLOGY